000 00925 a2200217 4500
001 60582
005 20260407155857.0
008 260407a2009 arg spa d
003 AR-UNSa-BCEJYS
040 _aAR-UNSa-BCEJYS
_bspa
_cAR-UNSa-BCEJYS
080 _a330.34
_xDesarrollo Económico
245 1 0 _aA la búsqueda de un nuevo modelo de producción y bienestar
_pUna visión cosmopolita desde Salta
020 _a978-987-1618-06-4
264 1 _aSalta :
_bMundo Gráfico Salta
_c2009
300 _a192 p.
_c18 cm.
505 _a1. Introducción - 2. Una de entre varias miradas posibles – 3. Imprescindible viaje por nuestra historia – 4. El segundo bicentenario como oportunidad – 5. El valor de las ideas y del realismo – 6. Algunas ideas (en borrador) para el bicentenario de 2016
041 _aspa
942 _cBK
590 _aniveau_biblio:m niveau_hierar:0
100 1 _aCaro Figueroa, José Armando
999 _c7047
_d7047